| 000 | 00425nam a22001337a 4500 | ||
|---|---|---|---|
| 999 |
_c8588 _d8588 |
||
| 008 | 200319b ||||| |||| 00| 0 eng d | ||
| 020 | _a9789351420880 | ||
| 100 | _aAnand, Sham K. & Chatwal, Gurdeep R. | ||
| 245 | _aInstrumental Methods of Chemical Analysis | ||
| 250 | _a5th/e, Reprint 2019 | ||
| 260 |
_aNew Delhi _bHimalaya Publishing House |
||
| 650 | _aPharmaceutical Analysis and Quality Assurance | ||
| 942 |
_2ddc _cBK _02 |
||